Football: Top 10 de Serie A de 2010 à 2019 - Statistiques

Statistiques générales
  • Ce quiz a été pris 509 fois
  • Le résultat moyen est 14 sur 21
Statistiques - réponses
Club % Correct
AC Milan
100%
Inter
100%
Juventus
100%
AS Rome
97%
SSC Napoli
96%
Lazio
93%
Fiorentina
82%
Atalanta
81%
Torino
74%
Bologna FC
67%
Parme
67%
Genoa
62%
Udinese
60%
Hellas Vérone
57%
US Palerme
57%
Sampdoria
54%
US Sassuolo
53%
Chievo Vérone
46%
Bari
29%
Empoli FC
29%
Catania FC
18%
Aucun quiz correspondant
Distribution des résultats
% des personnes avec chaque résultat
Percentile par nombre de réponses
Votre historique - résultats
Vous n’avez pas pris ce quiz